50 Biggest cities in central America - Statistics

General Stats
  • This quiz has been taken 12 times
  • The average score is 9 of 50
Answers on the Map
Answers color-coded by a green-red scale on the quiz's map according to % correct below.
 
Answer Stats
Country Population Answer % Correct
Guatemala ~923,400 Guatemala City
100%
Nicaragua ~1,055,100 Managua
100%
Panama ~1,133,000 Panama City
100%
Costa Rica ~1,453,500 San Jose
100%
El Salvador ~316,100 San Salvador
100%
Honduras ~1,132,000 Tegucigalpa
83%
Honduras ~701,200 San Pedro Sula
75%
Guatemala ~212,100 Coban
17%
Panama ~159,200 Colon
17%
Panama ~103,900 David
17%
Nicaragua ~106,700 Granada
17%
Honduras ~209,000 La Ceiba
17%
Nicaragua ~177,300 Leon
17%
El Salvador ~198,300 Santa Ana
17%
Costa Rica ~196,900 Alajuela
8%
Costa Rica ~232,300 Cartago
8%
Nicaragua ~130,400 Ciudad Sandino
8%
Honduras ~120,500 Comayagua
8%
Nicaragua ~112,100 Esteli
8%
Guatemala ~117,800 Huehuetenango
8%
Panama ~206,000 La Chorrera
8%
Nicaragua ~140,700 Masaya
8%
Guatemala ~463,000 Mixco
8%
Guatemala ~180,700 Quetzaltenango
8%
El Salvador ~156,000 San Miguel
8%
Guatemala ~426,300 Villa Nueva
8%
Guatemala ~98,200 Amatitlan
0%
El Salvador ~123,100 Apopa
0%
Guatemala ~97,000 Chimaltenango
0%
Nicaragua ~115,700 Chinandega
0%
Guatemala ~105,000 Chinautla
0%
Guatemala ~111.500 Chiquimula
0%
Honduras ~220,300 Choloma
0%
Honduras ~100,000 Choluteca
0%
Honduras ~120,600 El Progreso
0%
Guatemala ~156,300 Escuintla
0%
Costa Rica ~367,900 Heredia
0%
Guatemala ~159,800 Jalapa
0%
Guatemala ~145,900 Jutipa
0%
Nicaragua ~114,100 Matagalpa
0%
El Salvador ~140,800 Mejicanos
0%
Guatemala ~129,100 Petapa
0%
Guatemala ~100,600 Puerto Barrios
0%
Guatemala ~156,000 San Juan Sacatepequez
0%
El Salvador ~108,800 Santa Tecala
0%
El Salvador ~241,400 Soyapango
0%
Nicaragua ~150,600 Tipitapa
0%
Guatemala ~104,000 Totonicapan
0%
Guatemala ~124,700 Villa Canales
0%
Panama ~129,000 Vista Alegre
0%
No matching quizzes found
Score Distribution
Percent of People with Each Score
Percentile by Number Answered
Your Score History
You have not taken this quiz